[Event "Ì11Ï"]
[Site "Loo"]
[Date "2017.04.21"]
[Round "2.6"]
[White "Ñìîëèí, Àëåêñàíäð."]
[Black "Êè÷èí, Àëåêñàíäð."]
[Result "0-1"]
[WhiteElo "1361"]
[BlackElo "1576"]
[PlyCount "84"]
[EventDate "2017.04.20"]

1. e4 c5 2. Nf3 e6 3. d4 cxd4 4. Nxd4 a6 5. Nc3 b5 6. a3 Bb7 7. Be3 d6 8. f3
Nf6 9. Qd2 Nbd7 10. O-O-O Be7 11. Be2 Rc8 12. g4 O-O 13. h4 d5 14. exd5 Nxd5
15. Nxd5 Bxd5 16. g5 Nc5 17. Kb1 Na4 18. Nb3 Bxa3 19. bxa3 Bxb3 20. cxb3 Nc3+
21. Kb2 Nxd1+ 22. Rxd1 Qc7 23. Bd3 Rfd8 24. Ka2 Qc3 25. Bb6 Rd5 26. Ba5 Qxd2+
27. Rxd2 b4 28. Bxb4 Rcd8 29. Bxa6 Rxd2+ 30. Bxd2 Rxd2+ 31. Kb1 Kf8 32. b4 Ke7
33. b5 Kd6 34. a4 Rd4 35. a5 Ra4 36. b6 Rxa5 37. Bd3 Kc6 38. Bxh7 g6 39. Bg8
Rf5 40. h5 gxh5 41. Bh7 Rxg5 42. Be4+ Kxb6 0-1

[Event "Ì11Ï"]
[Site "Loo"]
[Date "2017.04.21"]
[Round "2.7"]
[White "Êðèâîâ, Íèêèòà."]
[Black "Àâåðèí, Íèêîëàé."]
[Result "1-0"]
[WhiteElo "1573"]
[BlackElo "1363"]
[PlyCount "73"]
[EventDate "2017.04.20"]

1. d4 d5 2. c4 e6 3. Nc3 Nf6 4. cxd5 exd5 5. Bg5 c6 6. e3 Nbd7 7. Bd3 Bd6 8.
Nge2 O-O 9. Qc2 h6 10. Bh4 Qc7 11. Bg3 a6 12. O-O Re8 13. Bxd6 Qxd6 14. Ng3 Nf8
15. Rfe1 Bd7 16. Na4 Qc7 17. Nc5 Bc8 18. f3 Ne6 19. Nb3 Rd8 20. Qc3 Qd6 21.
Rad1 Kf8 22. Bc2 Qc7 23. Bd3 Qd6 24. Bf1 a5 25. a4 Rd7 26. e4 dxe4 27. fxe4 Qb4
28. Qxb4+ axb4 29. a5 g6 30. Bc4 Ke7 31. d5 Ng5 32. d6+ Kf8 33. e5 Ng8 34. Rf1
Ke8 35. h4 Ne6 36. Ne4 Kd8 37. Bxe6 1-0

[Event "Ì11Ï"]
[Site "Loo"]
[Date "2017.04.21"]
[Round "2.8"]
[White "Æãèëåâ, Èâàí."]
[Black "Êî÷åòîâ, Âÿ÷åñëàâ."]
[Result "1/2-1/2"]
[WhiteElo "1359"]
[BlackElo "1561"]
[PlyCount "91"]
[EventDate "2017.04.20"]

1. d4 c5 2. c4 cxd4 3. Nf3 Nf6 4. Nxd4 g6 5. Nc3 Bg7 6. e3 O-O 7. g3 Nc6 8. Bg2
Nxd4 9. exd4 d6 10. O-O Rb8 11. Re1 b6 12. Ne4 Bb7 13. Bg5 Bxe4 14. Bxe4 Qc7
15. b3 Nxe4 16. Rxe4 f6 17. Bf4 e5 18. dxe5 dxe5 19. Bd2 f5 20. Re1 Rbd8 21.
Qc2 e4 22. Rad1 Bf6 23. Bf4 Qc8 24. Rxd8 Rxd8 25. Rd1 Kf7 26. Kf1 g5 27. Be3
Rxd1+ 28. Qxd1 Kg6 29. Qd6 Qd8 30. Qxd8 Bxd8 31. h3 Bf6 32. Ke2 Kf7 33. f3
exf3+ 34. Kxf3 Ke6 35. a4 Be7 36. a5 bxa5 37. Bxa7 h5 38. Bb6 Bb4 39. g4 hxg4+
40. hxg4 fxg4+ 41. Kxg4 Bd2 42. Bd8 Kd6 43. Bxg5 Bxg5 44. Kxg5 Kc5 45. Kf5 a4
46. bxa4 1/2-1/2

[Event "Ì11Ï"]
[Site "Loo"]
[Date "2017.04.21"]
[Round "2.9"]
[White "Ä¸ìèíîâ, Èëüÿ."]
[Black "Ðåçâûé, Äìèòðèé."]
[Result "1-0"]
[WhiteElo "1554"]
[BlackElo "1360"]
[PlyCount "77"]
[EventDate "2017.04.20"]

1. e4 e6 2. d4 d5 3. Nd2 Nf6 4. e5 Nfd7 5. Bd3 c5 6. c3 Nc6 7. Ne2 Qb6 8. Nf3
cxd4 9. cxd4 Bb4+ 10. Bd2 O-O 11. O-O Be7 12. Qc2 h6 13. a3 Re8 14. Rad1 Nf8
15. h3 Bd7 16. Be3 a5 17. Qd2 a4 18. Nc3 Na5 19. Qc2 Nb3 20. Nh2 Rac8 21. Qe2
Bxa3 22. Nxd5 exd5 23. bxa3 Ne6 24. Qb2 Qc6 25. f4 b5 26. f5 Nf8 27. f6 Qc3 28.
Qf2 g5 29. h4 Nh7 30. Bxh7+ Kxh7 31. hxg5 Rg8 32. Nf3 Rg6 33. Nh4 Rgg8 34. g6+
fxg6 35. f7 Rgf8 36. Nxg6 Kxg6 37. Qf6+ Kh5 38. Qxh6+ Kg4 39. Qh3# 1-0

[Event "Ì11Ï"]
[Site "Loo"]
[Date "2017.04.21"]
[Round "2.10"]
[White "Ëûñîâ, Àðñåíèé."]
[Black "Áóíèí, Ñåðàôèì."]
[Result "0-1"]
[WhiteElo "1354"]
[BlackElo "1502"]
[PlyCount "116"]
[EventDate "2017.04.20"]

1. e4 e5 2. Nf3 Nc6 3. d4 exd4 4. Bc4 d6 5. O-O Be7 6. Nxd4 Nxd4 7. Qxd4 Nf6 8.
Nc3 O-O 9. Be3 Be6 10. Bb3 a6 11. Rad1 Rc8 12. Qd2 h6 13. Rfe1 Ng4 14. h3 Nxe3
15. Qxe3 Bf6 16. Rb1 Bxc3 17. Qxc3 Re8 18. Rbd1 Qd7 19. Qd3 Qb5 20. Qxb5 axb5
21. Bxe6 fxe6 22. a3 Rf8 23. Rd3 Kf7 24. Rde3 Ke7 25. Rg3 Rf7 26. Rge3 Rcf8 27.
f3 g5 28. Rb3 c6 29. Re2 Kd8 30. Rd3 Kc7 31. Red2 d5 32. exd5 exd5 33. Re3 Kd6
34. Rde2 Rf6 35. Re7 R8f7 36. Rxf7 Rxf7 37. Kf2 Rf8 38. Kg3 h5 39. Re1 Rf4 40.
Re2 h4+ 41. Kf2 b4 42. axb4 Rxb4 43. b3 c5 44. Rd2 b5 45. Ke3 Ke5 46. Re2 Rf4
47. Kd3+ Kd6 48. Ke3 Rf8 49. Kd3 Ra8 50. Ke3 Re8+ 51. Kd3 Rxe2 52. Kxe2 Ke5 53.
Ke3 d4+ 54. Ke2 c4 55. b4 Kf4 56. Kf2 d3 57. cxd3 cxd3 58. Ke1 Ke3 0-1

[Event "Ì11Ï"]
[Site "Loo"]
[Date "2017.04.21"]
[Round "2.11"]
[White "Æåëàíîâ, Ñåìåí."]
[Black "Àíäðååâ, Êîíñòàíòèí."]
[Result "1-0"]
[WhiteElo "1502"]
[BlackElo "1355"]
[PlyCount "61"]
[EventDate "2017.04.20"]

1. d4 d5 2. c4 c6 3. Nc3 Nf6 4. e3 e6 5. a3 Nbd7 6. Bd3 dxc4 7. Bxc4 Be7 8. Nf3
b6 9. O-O Bb7 10. e4 O-O 11. Be3 Qc7 12. Qb3 Rae8 13. Ng5 Bd8 14. Bxe6 Rxe6 15.
Nxe6 fxe6 16. Qxe6+ Kh8 17. e5 Re8 18. Qf5 Nd5 19. Ne4 Rf8 20. Qh5 Be7 21. Bg5
Qd8 22. f4 c5 23. Nd6 Bxg5 24. fxg5 Qb8 25. g6 h6 26. Nf7+ Kg8 27. Nxh6+ gxh6
28. Qxh6 Rxf1+ 29. Rxf1 Nf8 30. Rxf8+ Qxf8 31. Qh7# 1-0

[Event "Ì11Ï"]
[Site "Loo"]
[Date "2017.04.21"]
[Round "2.12"]
[White "Õîòåíêî, Äàíèèë."]
[Black "Áîëäûðåâ, Ãëåá."]
[Result "0-1"]
[WhiteElo "1351"]
[BlackElo "1500"]
[PlyCount "124"]
[EventDate "2017.04.20"]

1. e4 c6 2. d4 d5 3. Nc3 dxe4 4. Nxe4 Nd7 5. Ng5 Ngf6 6. Bc4 e6 7. Qe2 Nb6 8.
Bb3 Bd6 9. N1f3 Nbd5 10. Ne5 Bxe5 11. dxe5 Nd7 12. O-O h6 13. Qh5 O-O 14. Ne4
Re8 15. c4 Ne7 16. Bc2 Nf5 17. Nd6 Nxd6 18. exd6 Qf6 19. Re1 e5 20. Qf5 Qxf5
21. Bxf5 h5 22. f4 Nb6 23. Bxc8 Rexc8 24. b3 exf4 25. Bxf4 Rd8 26. Rad1 Rd7 27.
Re7 Rad8 28. Rde1 Kf8 29. Be3 Nc8 30. Bg5 Nxd6 31. Rxd7 Rxd7 32. Rd1 f6 33. Bf4
Ke7 34. c5 Nb5 35. Rxd7+ Kxd7 36. a4 Nd4 37. Bb8 a6 38. b4 Nc2 39. Bd6 Nxb4 40.
Bf8 g5 41. Bg7 Ke7 42. g3 Nd3 43. h4 g4 44. Bh6 Nxc5 45. Be3 Nxa4 46. Kf2 f5
47. Bg5+ Ke6 48. Ke3 c5 49. Kd3 b5 50. Bd2 Kd5 51. Ke3 Ke5 52. Kd3 c4+ 53. Kc2
Kd4 54. Ba5 Kc5 55. Bd2 b4 56. Be3+ Kd5 57. Bd2 b3+ 58. Kb1 c3 59. Bc1 c2+ 60.
Ka1 b2+ 61. Bxb2 Nxb2 62. Kxb2 Ke4 0-1

[Event "Ì11Ï"]
[Site "Loo"]
[Date "2017.04.21"]
[Round "2.13"]
[White "Ëåáçàê, ßðîñëàâ."]
[Black "Ñàïðûêèí, Àëåêñåé."]
[Result "1-0"]
[WhiteElo "1492"]
[BlackElo "1352"]
[PlyCount "113"]
[EventDate "2017.04.20"]

1. e4 c5 2. Nf3 d6 3. d4 cxd4 4. Nxd4 Nf6 5. Nc3 g6 6. Be3 Bg7 7. f3 O-O 8. Qd2
Nc6 9. g4 Be6 10. Nxe6 fxe6 11. O-O-O Ne5 12. Qg2 Qa5 13. Bd4 Rac8 14. h4 a6
15. h5 g5 16. h6 Bh8 17. Rh3 Ng6 18. Qd2 Nf4 19. Rh2 b5 20. Kb1 e5 21. Be3 b4
22. Ne2 Nd7 23. Bxf4 exf4 24. Nd4 Ne5 25. b3 Qa3 26. Qc1 Qxc1+ 27. Kxc1 Rc3 28.
Rh3 Rfc8 29. Bxa6 Ra8 30. Bb7 Rxa2 31. Kb1 Ra7 32. Bd5+ Nf7 33. Rh5 Bf6 34. e5
dxe5 35. Nb5 Rac7 36. Nxc3 Rxc3 37. Rd3 Rc5 38. Kc1 Kf8 39. Be4 Kg8 40. Rd7 Rb5
41. Bd3 Rb6 42. Ra7 Rb8 43. Bc4 Kf8 44. Bd5 Re8 45. Rb7 e6 46. Be4 Nd6 47. Rxb4
Nxe4 48. Rxe4 Rc8 49. c4 Be7 50. Rxe5 Kf7 51. Rh1 Kf6 52. Rhe1 Rc6 53. Kc2 Bf8
54. Kc3 Bxh6 55. b4 Bg7 56. Kb3 Ke7 57. Rxg5 1-0

[Event "Ì11Ï"]
[Site "Loo"]
[Date "2017.04.21"]
[Round "2.14"]
[White "Æîñàí, ßííèñ."]
[Black "Ñòàðîáûêèí, Ôåäîð."]
[Result "1-0"]
[WhiteElo "1487"]
[BlackElo "1350"]
[PlyCount "115"]
[EventDate "2017.04.20"]

1. e4 e6 2. d3 d5 3. Nf3 c5 4. Nbd2 Nf6 5. g3 dxe4 6. dxe4 b6 7. e5 Nfd7 8. Nh4
Bb7 9. Ndf3 Be7 10. Bg2 O-O 11. Qd3 g5 12. Nxg5 Bxg5 13. Bxg5 Qxg5 14. Bxb7
Qxe5+ 15. Qe4 Qxe4+ 16. Bxe4 Nc6 17. Bxc6 Rad8 18. O-O Ne5 19. Be4 f5 20. Bg2
Rd2 21. Rae1 Nc4 22. Rxe6 Nxb2 23. Re5 Rxc2 24. Nxf5 Nd3 25. Ne7+ Kh8 26. Rh5
Re8 27. Be4 Rxe7 28. Bxd3 Rxa2 29. Rd1 Rd7 30. Kg2 Ra3 31. Bxh7 Rxh7 32. Rd8+
Kg7 33. Rd7+ Kf6 34. Rhxh7 a5 35. Rd6+ Ke5 36. Rxb6 c4 37. Ra6 Kd4 38. Rc6 c3
39. Rh4+ Kd3 40. Rhc4 Rb3 41. Ra4 c2 42. Rxa5 Kd2 43. Ra2 Rc3 44. Rxc2+ Rxc2
45. Rxc2+ Kxc2 46. h4 Kd3 47. h5 Ke4 48. h6 Ke5 49. h7 Kd5 50. h8=Q Kd6 51.
Qd8+ Ke5 52. f4+ Ke4 53. Qd6 Kf5 54. Qe7 Kg6 55. Qf8 Kh5 56. Qg8 Kh6 57. f5 Kh5
58. Qg6# 1-0

[Event "Ì11Ï"]
[Site "Loo"]
[Date "2017.04.21"]
[Round "2.15"]
[White "ßðèêîâ, Àðòåì."]
[Black "Òðåôèëîâ, Âÿ÷åñëàâ."]
[Result "0-1"]
[WhiteElo "1478"]
[BlackElo "1346"]
[PlyCount "70"]
[EventDate "2017.04.20"]

1. e4 c6 2. d4 d5 3. Nc3 dxe4 4. Nxe4 Bf5 5. Ng3 Bg6 6. h4 h6 7. Nf3 Nd7 8. Bf4
e6 9. Bd3 Bxd3 10. Qxd3 Ngf6 11. O-O-O c5 12. c3 Be7 13. Ne5 Nxe5 14. dxe5 Qxd3
15. Rxd3 Nd5 16. Be3 O-O-O 17. Ne4 c4 18. Rd4 Nxe3 19. fxe3 b5 20. Rf1 f6 21.
g4 Rhf8 22. Rxd8+ Kxd8 23. exf6 gxf6 24. Nd2 Rg8 25. Rf4 e5 26. Re4 Kd7 27. b3
cxb3 28. Nxb3 Ke6 29. Nd2 f5 30. gxf5+ Kxf5 31. c4 Rg1+ 32. Kc2 Rg2 33. cxb5
Rxd2+ 34. Kxd2 Kxe4 35. h5 Bc5 0-1

[Event "Ì11Ï"]
[Site "Loo"]
[Date "2017.04.21"]
[Round "2.16"]
[White "Ìåðöàëîâ, Ðîìàí."]
[Black "Íàóìîâ, Àðòåì."]
[Result "1-0"]
[WhiteElo "1344"]
[BlackElo "1477"]
[PlyCount "167"]
[EventDate "2017.04.20"]

1. e4 c5 2. Nf3 e6 3. d3 Nc6 4. a3 Be7 5. Be2 Nf6 6. O-O O-O 7. Nc3 a6 8. Re1
d5 9. exd5 exd5 10. Bg5 h6 11. Bh4 Bf5 12. h3 Qd7 13. Bf1 Rfe8 14. Qd2 Rad8 15.
Rad1 Nh7 16. Bxe7 Rxe7 17. Rxe7 Nxe7 18. Re1 Nf6 19. Ne5 Qd6 20. Nf3 d4 21. Ne4
Bxe4 22. dxe4 Qb6 23. b3 Qc6 24. Bc4 b5 25. Ne5 Qc7 26. Bxf7+ Kf8 27. Qf4 Qd6
28. Qh2 Nc6 29. f4 Nd7 30. Nxc6 Qxc6 31. Bd5 Qd6 32. f5 Qxh2+ 33. Kxh2 Ne5 34.
Rd1 Ke7 35. Kg3 Kf6 36. Kf4 Rd6 37. g4 g5+ 38. fxg6 Nxg6+ 39. Kg3 Ne5 40. h4
Ng6 41. Rf1+ Ke7 42. Rf7+ Ke8 43. Rf5 Ke7 44. h5 Nf8 45. Rf7+ Ke8 46. Rf5 Ke7
47. Kf4 Nd7 48. g5 hxg5+ 49. Kxg5 Nf8 50. h6 Nh7+ 51. Kh5 Nf6+ 52. Kg5 Nh7+ 53.
Kg4 Nf6+ 54. Kg3 Ke8 55. Kf4 Nxd5+ 56. Rxd5 Rxh6 57. Rxc5 Rh4+ 58. Ke5 Rh5+ 59.
Kxd4 Rh4 60. Kd5 Rh5+ 61. e5 Kd7 62. Rc3 Rh4 63. Rg3 Ke7 64. Rg7+ Kf8 65. Rc7
Ke8 66. Rc5 Kd7 67. e6+ Kd8 68. Kd6 Rd4+ 69. Rd5 Rxd5+ 70. Kxd5 Ke7 71. Kc6
Kxe6 72. Kb6 Kd6 73. Kxa6 Kc5 74. Ka5 Kc6 75. b4 Kb7 76. Kxb5 Ka7 77. c4 Kb7
78. Kc5 Ka6 79. b5+ Ka5 80. Kc6 Ka4 81. b6 Ka5 82. b7 Ka6 83. b8=Q Ka5 84. Qb5#
1-0

[Event "Ì11Ï"]
[Site "Loo"]
[Date "2017.04.21"]
[Round "2.17"]
[White "Áàëàÿí, Ýäóàðä."]
[Black "Ìàñòåðñêèõ, Áîãäàí."]
[Result "1-0"]
[WhiteElo "1473"]
[BlackElo "1344"]
[PlyCount "123"]
[EventDate "2017.04.20"]

1. d4 Nf6 2. e3 d5 3. Nf3 Bg4 4. Bd3 c5 5. c3 Nc6 6. Nbd2 e6 7. Qa4 a6 8. Ne5
Qc7 9. Bb5 Rc8 10. Bxc6+ bxc6 11. Qxa6 c4 12. b3 cxb3 13. axb3 Bd6 14. f4 O-O
15. h3 Bh5 16. O-O Nd7 17. Qa7 Qxa7 18. Rxa7 Nf6 19. Bb2 Bb8 20. Rb7 Be2 21.
Ra1 Ne4 22. Nxe4 dxe4 23. Ba3 Rfe8 24. Nxf7 Ba6 25. Rd7 Rc7 26. Rxc7 Bxc7 27.
Bd6 Kxf7 28. Bxc7 Ra8 29. Ra5 Bb7 30. Kf2 g6 31. c4 Rxa5 32. Bxa5 Ba6 33. Ke2
Ke8 34. Kd2 Kd7 35. Kc3 Kc8 36. Kb4 Kd7 37. Kc5 Bc8 38. b4 Ba6 39. g3 Ke7 40.
b5 cxb5 41. cxb5 Bc8 42. Kc6 Bd7+ 43. Kc5 Bc8 44. Bc7 Kd7 45. Kb6 h5 46. Be5 h4
47. g4 Kd8 48. Ka7 Kd7 49. Bf6 Kd6 50. Bxh4 Kd5 51. b6 Kc4 52. b7 Bxb7 53. Kxb7
Kd3 54. Bf2 Ke2 55. Bg1 Kf1 56. h4 Kxg1 57. h5 Kf2 58. h6 Kxe3 59. h7 Kxd4 60.
h8=Q+ Kd3 61. Qe8 e3 62. Qxe6 1-0

[Event "Ì11Ï"]
[Site "Loo"]
[Date "2017.04.21"]
[Round "2.18"]
[White "Ëåâ÷åíêî, Ëåîíèä."]
[Black "Àááàñîâ, Àçèç."]
[Result "1-0"]
[WhiteElo "1343"]
[BlackElo "1471"]
[PlyCount "83"]
[EventDate "2017.04.20"]

1. e4 Nc6 2. d4 d5 3. exd5 Qxd5 4. Nf3 Bg4 5. Nc3 Qh5 6. Be2 O-O-O 7. h3 e5 8.
O-O Bxf3 9. Bxf3 Qg6 10. Bh5 Qf6 11. Qg4+ Qe6 12. d5 f5 13. Qe2 Qf6 14. dxc6 g6
15. cxb7+ Kxb7 16. Qb5+ Kc8 17. Bf3 e4 18. Be2 Rd6 19. Bf4 Rb6 20. Qe8+ Qd8 21.
Qxd8+ Kxd8 22. Be5 Nf6 23. Nd5 Nxd5 24. Bxh8 Nf4 25. Bc4 g5 26. Rad1+ Ke8 27.
Be5 Bd6 28. Bxd6 cxd6 29. b3 h5 30. Rfe1 h4 31. f3 g4 32. hxg4 Kf8 33. gxf5
exf3 34. gxf3 Rb7 35. f6 d5 36. Bxd5 Rh7 37. Be4 Rh6 38. Rd8+ Kf7 39. Bd5+ Nxd5
40. Rxd5 Rxf6 41. Ree5 Rg6+ 42. Rg5 1-0

[Event "Ì11Ï"]
[Site "Loo"]
[Date "2017.04.21"]
[Round "2.19"]
[White "Øåðåìåòüåâ, Âëàäèñëàâ."]
[Black "Ãðèøèí, Ïåòð."]
[Result "0-1"]
[WhiteElo "1469"]
[BlackElo "1343"]
[PlyCount "116"]
[EventDate "2017.04.20"]

1. e4 e5 2. Nf3 Nc6 3. Bc4 Bc5 4. Nc3 Nf6 5. d3 d6 6. Bg5 Be6 7. Bb3 h6 8. Bxf6
Qxf6 9. Nd5 Bxd5 10. Bxd5 O-O 11. c3 Ne7 12. Bc4 c6 13. Qe2 Ng6 14. g3 a5 15.
a4 Rfb8 16. O-O Nf8 17. Nd2 Ne6 18. Bxe6 Qxe6 19. c4 Rd8 20. Rac1 Bb6 21. Rc2
f6 22. Kg2 Bc5 23. Nb3 Bb4 24. d4 d5 25. Rd1 exd4 26. exd5 Qxe2 27. Rxe2 cxd5
28. cxd5 Rxd5 29. Rxd4 Rxd4 30. Nxd4 Rd8 31. Nc2 Bc5 32. Kf3 Kf7 33. Re4 Rd2
34. Re2 Rxe2 35. Kxe2 Ke6 36. f3 Kd5 37. Kd3 g6 38. h3 h5 39. g4 Ke5 40. Ne1
Kf4 41. Ke2 Kg3 42. Nd3 Bd4 43. b3 h4 44. f4 Kxh3 45. g5 Kg3 46. gxf6 Bxf6 47.
Ne5 g5 48. Nd7 Bd8 49. fxg5 Bxg5 50. Ne5 h3 51. Nd3 Be7 52. Kf1 h2 53. Nf2 Kf3
54. Ke1 Bh4 55. Kd2 Bxf2 56. Kc3 h1=Q 57. Kc4 Qh4+ 58. Kb5 Qb4# 0-1

[Event "Ì11Ï"]
[Site "Loo"]
[Date "2017.04.21"]
[Round "2.20"]
[White "Óðóñîâ, Ãåðìàí."]
[Black "Êóðíîñîâ, Åãîð."]
[Result "1/2-1/2"]
[WhiteElo "1339"]
[BlackElo "1467"]
[PlyCount "98"]
[EventDate "2017.04.20"]

1. d4 d6 2. e4 Nf6 3. Nc3 g6 4. Nf3 Bg7 5. Bc4 O-O 6. O-O Nbd7 7. Bf4 c5 8.
dxc5 Nxc5 9. e5 dxe5 10. Qxd8 Rxd8 11. Nxe5 Ne6 12. Be3 Nd7 13. Bxe6 Nxe5 14.
Bb3 Ng4 15. Rad1 Bf5 16. Rxd8+ Rxd8 17. Bxa7 Bxc3 18. bxc3 Rc8 19. Rd1 Nf6 20.
Bd4 Rd8 21. Re1 Be6 22. Bxe6 fxe6 23. Rxe6 Kf7 24. Re1 Ra8 25. Ra1 Ra3 26. f3
Nd5 27. c4 Nf6 28. Kf2 Ra4 29. Ke3 Rxc4 30. Kd3 Rc8 31. Rb1 Ra8 32. Rxb7 Rxa2
33. Ra7 Rxa7 34. Bxa7 Nh5 35. Ke4 e6 36. g4 Ng7 37. Ke5 Ne8 38. Bb8 Ke7 39. c4
h6 40. h4 h5 41. g5 Ng7 42. c5 Nf5 43. c6 Nxh4 44. Bd6+ Kd8 45. Kxe6 Nxf3 46.
Kf6 Nh4 47. c7+ Kc8 48. Be5 Nf3 49. Bd6 Nh4 1/2-1/2

[Event "Ì11Ï"]
[Site "Loo"]
[Date "2017.04.21"]
[Round "2.21"]
[White "Ñâèðèäîâ, Ëåîí."]
[Black "Ðóäíûé, Èëüÿ."]
[Result "0-1"]
[WhiteElo "1330"]
[BlackElo "1465"]
[PlyCount "84"]
[EventDate "2017.04.20"]

1. e4 c5 2. Nc3 Nc6 3. g3 g6 4. Bg2 Bg7 5. Nge2 d6 6. h3 Rb8 7. d3 e6 8. O-O
Nge7 9. Be3 O-O 10. Qd2 Qc7 11. Bh6 a6 12. Bxg7 Kxg7 13. f4 b5 14. g4 f5 15. g5
b4 16. Nd1 Bb7 17. h4 Ba8 18. h5 a5 19. exf5 Nxf5 20. h6+ Kg8 21. c3 Nce7 22.
Bxa8 Rxa8 23. Nf2 Qc6 24. Ne4 Rab8 25. Qc1 c4 26. Nd4 Qb6 27. Nf6+ Rxf6 28.
gxf6 Nxd4 29. f7+ Kxf7 30. cxd4 Qxd4+ 31. Rf2 cxd3 32. Qd2 Rb5 33. Rd1 Rd5 34.
Kg2 Nf5 35. Kh3 Ne3 36. Rc1 Rh5+ 37. Kg3 Nf5+ 38. Kg2 Qe4+ 39. Rf3 Nh4+ 40. Kg3
Qxf3+ 41. Kh2 Nf5+ 42. Kg1 Rh1# 0-1

[Event "Ì11Ï"]
[Site "Loo"]
[Date "2017.04.21"]
[Round "2.22"]
[White "Ãàëèåâ, Ýðíåñò."]
[Black "Øèíêàðîâ, Àðòåì."]
[Result "0-1"]
[WhiteElo "1324"]
[BlackElo "1451"]
[PlyCount "56"]
[EventDate "2017.04.20"]

1. d4 Nf6 2. g3 e6 3. Bg2 d5 4. c4 dxc4 5. Qa4+ Bd7 6. Qxc4 Qc8 7. Nf3 Be7 8.
O-O O-O 9. Nc3 Bc6 10. Bf4 Rd8 11. Rad1 Bd6 12. Bxd6 cxd6 13. Rc1 Nbd7 14. e3
Nb6 15. Qe2 Qd7 16. e4 Ne8 17. Rfd1 Qe7 18. b4 Rac8 19. b5 Bd7 20. a4 Rc7 21.
Nd5 exd5 22. Rxc7 Nxc7 23. Rc1 Ne8 24. Qa2 dxe4 25. Nd2 e3 26. Nf1 exf2+ 27.
Kxf2 Qf6+ 28. Ke3 Qg5+ 0-1

[Event "Ì11Ï"]
[Site "Loo"]
[Date "2017.04.21"]
[Round "2.23"]
[White "Ðàæáàäèíîâ, Ðàñóë."]
[Black "Ìåëèêÿí, Âàðäàí."]
[Result "1-0"]
[WhiteElo "1442"]
[BlackElo "1337"]
[PlyCount "91"]
[EventDate "2017.04.20"]

1. e4 e5 2. Nf3 Nc6 3. Bb5 a6 4. Ba4 Bc5 5. O-O d6 6. c3 Bg4 7. d3 h6 8. Nbd2
Nf6 9. Re1 O-O 10. Nf1 b5 11. Bc2 Bb6 12. h3 Bh5 13. Ng3 Bg6 14. Be3 Qb8 15. d4
exd4 16. Nxd4 Nxd4 17. Bxd4 Bxd4 18. cxd4 Qb7 19. f3 Rfe8 20. Qd2 Qb6 21. Qf2
Nd7 22. Ne2 d5 23. Nf4 dxe4 24. Nxg6 fxg6 25. Bxe4 Rad8 26. Bd5+ Kh7 27. Be4
Nf6 28. Rad1 Nxe4 29. fxe4 Rf8 30. Qe3 Rfe8 31. Kh1 Qe6 32. b3 Qb6 33. d5 Qxe3
34. Rxe3 c6 35. d6 Re6 36. e5 g5 37. g4 Kg6 38. Kg2 Kf7 39. Kf3 Ke8 40. Ke4 Kd7
41. Rf1 Kc8 42. Kd4 a5 43. Ref3 g6 44. Rf8 Kd7 45. R1f7+ Kc8 46. Rc7+ 1-0

[Event "Ì11Ï"]
[Site "Loo"]
[Date "2017.04.21"]
[Round "2.24"]
[White "Íèêîëàåâ, Àðòåìèé."]
[Black "Ñåì¸íîâ, Èëüÿ."]
[Result "1-0"]
[WhiteElo "1324"]
[BlackElo "1440"]
[PlyCount "99"]
[EventDate "2017.04.20"]

1. c4 e5 2. Nc3 Nf6 3. g3 d5 4. cxd5 Nxd5 5. Bg2 Nxc3 6. bxc3 Bc5 7. d3 O-O 8.
Bd2 Bd7 9. Bxb7 Bc6 10. Bxa8 Bxa8 11. Nf3 h6 12. O-O e4 13. dxe4 Bxe4 14. Be3
Bxe3 15. Qxd8 Bxf2+ 16. Rxf2 Rxd8 17. Nd4 Nc6 18. Nf5 Bxf5 19. Rxf5 Ne7 20. Re5
Ng6 21. Rc5 Rd7 22. Ra5 c6 23. Ra6 Ne5 24. Ra5 f6 25. Kf1 Nc4 26. Ra4 Ne3+ 27.
Kf2 Nd1+ 28. Ke1 Ne3 29. Rc1 Kh7 30. Rd4 Nd5 31. c4 Nb6 32. Rxd7 Nxd7 33. Rd1
Ne5 34. Rd6 Kg6 35. Kd1 Kf7 36. Kc2 Ke7 37. c5 Kf7 38. Rd8 Ke6 39. Ra8 Kd5 40.
Rxa7 Kxc5 41. Rxg7 Kd4 42. Rh7 Ng4 43. Kd2 c5 44. h3 Nf2 45. Rxh6 c4 46. Rh4+
Kd5 47. e4+ Kc5 48. Kc2 Nd3 49. Kc3 Nc1 50. Rh5+ 1-0

[Event "Ì11Ï"]
[Site "Loo"]
[Date "2017.04.21"]
[Round "2.25"]
[White "Õîäüêî, Þðèé."]
[Black "Ñåðåáðÿêîâ, Ñàââà."]
[Result "0-1"]
[WhiteElo "1309"]
[BlackElo "1432"]
[PlyCount "186"]
[EventDate "2017.04.20"]

1. e4 c5 2. Nf3 e6 3. d4 cxd4 4. Nxd4 a6 5. Nc3 Qc7 6. Bd2 Nf6 7. g3 Nc6 8.
Nxc6 bxc6 9. Bg2 d5 10. exd5 cxd5 11. O-O Be7 12. f4 Bb7 13. Be3 O-O 14. Qe2 a5
15. Nb5 Qd7 16. a4 Ba6 17. Rfd1 Qc6 18. Nd4 Qb7 19. Nb5 Rfd8 20. c4 Rac8 21.
Rac1 Qd7 22. Kh1 Bc5 23. Bd2 Bb6 24. c5 Rxc5 25. Rxc5 Bxc5 26. Bxa5 Rb8 27. Bf1
Qb7 28. Rc1 Ne4 29. Be1 Bf8 30. b4 Qd7 31. Qf3 Rc8 32. Rd1 Nd6 33. Nxd6 Qxd6
34. b5 Bb7 35. Qb3 d4+ 36. Kg1 Bd5 37. Qd3 Bc4 38. Qxd4 Qxd4+ 39. Rxd4 Bc5 40.
Bf2 Bxd4 41. Bxd4 Bxf1 42. Kxf1 Rc4 43. b6 Rxa4 44. Be5 Rb4 45. Bc7 f6 46. Ke2
Kf7 47. Kd3 Ke7 48. Kc3 Rb1 49. Kc4 Kd7 50. Kc5 Rc1+ 51. Kb5 Rxc7 52. bxc7 Kxc7
53. Kc5 Kd7 54. g4 g6 55. h3 h6 56. h4 g5 57. fxg5 fxg5 58. h5 Ke7 59. Kd4 Kd6
60. Ke4 Ke7 61. Ke5 Kf7 62. Kd4 Ke8 63. Ke4 Kd7 64. Kd4 Kd6 65. Ke4 e5 66. Kf5
Kd5 67. Kg6 e4 68. Kxh6 e3 69. Kxg5 e2 70. Kg6 e1=Q 71. g5 Qe8+ 72. Kh6 Ke6 73.
g6 Qg8 74. Kg5 Ke7 75. h6 Kf8 76. Kf6 Qd5 77. g7+ Kg8 78. Kg6 Qe6+ 79. Kh5 Kh7
80. Kg5 Qxh6+ 81. Kf5 Qxg7 82. Ke6 Qg5 83. Kd7 Qf6 84. Ke8 Qg7 85. Kd8 Qf7 86.
Kc8 Qe7 87. Kb8 Qd7 88. Ka8 Kg6 89. Kb8 Kf6 90. Ka8 Ke6 91. Kb8 Kd6 92. Ka8 Kc6
93. Kb8 Qb7# 0-1

[Event "Ì11Ï"]
[Site "Loo"]
[Date "2017.04.21"]
[Round "2.26"]
[White "Ôàäååâ, Àëåêñåé."]
[Black "Ìàêñèí, Âëàäèìèð."]
[Result "0-1"]
[WhiteElo "1431"]
[BlackElo "1325"]
[PlyCount "74"]
[EventDate "2017.04.20"]

1. e4 c5 2. Ne2 d6 3. g3 b5 4. Bg2 Bb7 5. c3 Nf6 6. Qc2 Nbd7 7. d4 e6 8. O-O
Be7 9. e5 Nd5 10. f4 O-O 11. g4 dxe5 12. dxe5 f6 13. exf6 N7xf6 14. h3 c4 15.
f5 Bc5+ 16. Kh1 Nxg4 17. Qe4 Nf2+ 18. Rxf2 Bxf2 19. Qxe6+ Kh8 20. Qe4 Nf6 21.
Qc2 Bxg2+ 22. Kxg2 Bb6 23. Nd2 Nd5 24. Nf3 Re8 25. Bg5 Qxg5+ 26. Nxg5 Ne3+ 27.
Kf3 Nxc2 28. Rd1 Re3+ 29. Kg4 Rxe2 30. Kh5 g6+ 31. Kh6 Be3 32. Rd7 Bxg5+ 33.
Kxg5 gxf5 34. h4 Rg8+ 35. Kh5 Ne3 36. a4 Ng4 37. Rd5 Re6 0-1

[Event "Ì11Ï"]
[Site "Loo"]
[Date "2017.04.21"]
[Round "2.27"]
[White "Ìèõàéëåíêî, Íèêèòà."]
[Black "Àáåëîâ, Åãîð."]
[Result "1-0"]
[WhiteElo "1428"]
[BlackElo "1324"]
[PlyCount "125"]
[EventDate "2017.04.20"]

1. e4 c5 2. Nf3 e6 3. d4 cxd4 4. Nxd4 Nf6 5. Nc3 d6 6. Bd3 a6 7. O-O b5 8. a3
Qc7 9. Be3 Be7 10. Nb3 Nc6 11. f4 Bd7 12. Qf3 Rc8 13. g4 h5 14. g5 Ng4 15. h3
Nxe3 16. Qxe3 f6 17. h4 fxg5 18. hxg5 Rf8 19. f5 Ne5 20. fxe6 Rxf1+ 21. Rxf1
Bxe6 22. Nd4 Qb6 23. Nce2 Bg4 24. Kf2 Bxe2 25. Kxe2 Ng4 26. Qh3 g6 27. Ne6 Kd7
28. Nf4 Bxg5 29. Nd5 Qd8 30. Rf7+ Ke6 31. Rg7 Qe8 32. Nc7+ Rxc7 33. Rxc7 Qf8
34. Qf3 Qxf3+ 35. Kxf3 Ke5 36. Rc6 Nh2+ 37. Kg2 Bf4 38. Rxa6 h4 39. Ra5 g5 40.
Rxb5+ Kd4 41. Rd5+ Ke3 42. Rxg5 Bxg5 43. Kxh2 Kd4 44. b4 Bd8 45. a4 d5 46. exd5
Kxd5 47. c4+ Kc6 48. a5 Kb7 49. Be4+ Ka7 50. c5 Kb8 51. Kg2 Ka7 52. Kf2 Bc7 53.
Ke3 h3 54. Kd4 h2 55. Kd5 Kb7 56. c6+ Kc8 57. Kc5 Kb8 58. b5 Ka7 59. b6+ Bxb6+
60. axb6+ Kb8 61. c7+ Kc8 62. Bf5+ Kb7 63. c8=Q# 1-0

[Event "Ì11Ï"]
[Site "Loo"]
[Date "2017.04.21"]
[Round "2.28"]
[White "Ãàáðóê, Èâàí."]
[Black "Íåãîðååâ, Çàõàð."]
[Result "1-0"]
[WhiteElo "1297"]
[BlackElo "1428"]
[PlyCount "119"]
[EventDate "2017.04.20"]

1. e4 c6 2. d4 d5 3. Nc3 dxe4 4. Nxe4 Bf5 5. Ng3 Bg6 6. Bc4 e6 7. h4 h6 8. N1e2
Nf6 9. Nf4 Bh7 10. O-O Be7 11. Re1 O-O 12. c3 Nd5 13. h5 Bd6 14. Bxd5 cxd5 15.
Qg4 Nd7 16. Nxe6 fxe6 17. Qxe6+ Rf7 18. Qxd6 Nb6 19. Qxd8+ Rxd8 20. b3 Rdf8 21.
f3 Rc8 22. Bb2 a5 23. Re6 Nd7 24. Rae1 Nf6 25. Re7 Rc7 26. Rxc7 Rxc7 27. Rc1 b5
28. Kf2 Kf7 29. Re1 Re7 30. Rxe7+ Kxe7 31. Ke3 Bb1 32. a3 Ba2 33. b4 a4 34. Kf4
Ke6 35. Ke3 Bb1 36. Kf2 Bd3 37. Kg1 Bh7 38. Kh2 Bg8 39. Kh3 Bf7 40. Kh4 Be8 41.
Bc1 Bf7 42. Bf4 Be8 43. Be5 Bf7 44. Bxf6 Kxf6 45. Ne2 Bg8 46. g4 Be6 47. f4 Kf7
48. g5 Bc8 49. Ng3 Bd7 50. f5 Bc8 51. Kg4 Bd7 52. Kf4 Bc6 53. gxh6 gxh6 54. Ke5
Bb7 55. Nf1 Ke7 56. Ne3 Kf7 57. Ng4 Kg7 58. f6+ Kf7 59. Nxh6+ Kf8 60. Nf5 1-0